Plan de manejo del Páramo de Chiles (Registro nro. 6924)
[ vista simple ]
| 000 -CABECERA | |
|---|---|
| Campo de control | 00634nam a2200181 a 4500 |
| 005 - FECHA Y HORA DE LA ULTIMA TRANSACCION | |
| Campo de control | 20140217100015.0 |
| 008 - ELEMENTOS DE LONGITUD FIJA—INFORMACION GENERAL | |
| Campo de control | 140217b2009 xxu||||| |||| 00| 0 spa d |
| 041 ## - IDIOMA | |
| Código de idioma para texto/pista de sonido o título separado | Español |
| 044 ## - PAÍS DE PUBLICACIÓN | |
| País de publicación | Colombia |
| 090 ## - CLASIFICACIÓN LOCAL | |
| Colección | IAVH |
| Consecutivo | 01337 |
| 100 ## - ASIENTO PRINCIPAL--NOMBRE PERSONAL | |
| Nombre personal | Armero, Sandra Milena |
| 245 ## - MENCION DE TITULO | |
| Título | Plan de manejo del Páramo de Chiles |
| Parte restante del título | enfoque y avances en la formulación del Plan Participativo de manejo y conservación del Páramo de Chiles |
| 260 ## - PUBLICACION, DISTRIBUCION, ETC. (PIE DE IMPRENTA) | |
| Lugar de publicación, distribución, etc. | Bogotá |
| Nombre del editor, distribuidor, etc. | Instituto de Investigación de Recursos Biológicos Alexander von Humboldt |
| Fecha de publicación, distribución, etc. | 2009? |
| 300 ## - DESCRIPCION FISICA | |
| Extensión | 9 p. |
| 662 ## - ASIENTO SECUNDARIO DE MATERIA - JERARQUIA DEL NOMBRE DE LUGAR( | |
| Jurisdicción política intermedia | Páramo de Chiles |
| Ciudad | Cumbal |
| Jurisdicción política de primer orden | Nariño |
| 942 ## - ELEMENTOS ADICIONALES (KOHA) | |
| Tipo de ítem | Impreso |
| Sistema de clasificación | Local |
| 945 ## - PROCESAMIENTO LOCAL | |
| AAAA-MM-DD - Fecha de ingreso o modificacion | LER |
| Withdrawn status | Lost status | Sistema de Clasificación | Damaged status | No para préstamo | Colección | Ubicación Permanente | Ubicación actual | Fecha de adquisición | Total Checkouts | Número topográfico | Inventario / Código de Barras | Date last seen | Ejemplar | Price effective from | Forma de adquisición | Tipo de material | Inventariado |
|---|---|---|---|---|---|---|---|---|---|---|---|---|---|---|---|---|---|
| Local | Humboldt | Bogotá | Bogotá | FH-0037 | 027111 | 04/12/2012 | Ej. 1 | 04/12/2012 | Folleto | ||||||||
| Local | Humboldt | Bogotá | Bogotá | FH-0037 | 027112 | 04/12/2012 | Ej. 2 | 04/12/2012 | Folleto | ||||||||
| Local | Humboldt | Villa de Leyva | Villa de Leyva | IAVH-01337 | 027113 | 04/12/2012 | Ej. 1 | 04/12/2012 | Institucional | Folleto | Inventariado 2017 | ||||||
| Local | Humboldt | Villa de Leyva | Villa de Leyva | IAVH-01337 | 027114 | 04/12/2012 | Ej. 2 | 04/12/2012 | Institucional | Folleto | Inventariado 2017 |